[Event "XX Festival B"]
[Site "Robecchetto con Induno ITA"]
[Date "2009.12.28"]
[Round "2"]
[White "Santelli, Francesco"]
[Black "Moroni, Luca jr"]
[Result "1-0"]
[WhiteElo "1824"]
[BlackElo "1572"]
[PlyCount "53"]
[EventDate "2009.12.27"]

1. e4 c5 2. Nf3 d6 3. Bc4 Nf6 4. Nc3 e6 5. d4 cxd4 6. Nxd4 a6 7. a3 Be7 8. O-O
O-O 9. Be3 Qc7 10. Ba2 b6 11. f3 Nc6 12. Nxc6 Qxc6 13. Qe2 e5 14. Nd5 Qe8 15.
Nc7 Qc6 16. Nxa8 Qxa8 17. Bxb6 Qb8 18. Qf2 Nd7 19. Ba5 Qxb2 20. Rfb1 Qd4 21.
Qxd4 exd4 22. Rd1 Bf6 23. Rab1 Ne5 24. Bb6 Bg5 25. Bxd4 Nc6 26. Bf2 Na7 27.
Bxa7 1-0

[Event "XX Festival B"]
[Site "Robecchetto con Induno ITA"]
[Date "2009.12.28"]
[Round "2"]
[White "Spornberger, Andre"]
[Black "Spornberger, Peter"]
[Result "1-0"]
[WhiteElo "1777"]
[BlackElo "1604"]
[PlyCount "39"]
[EventDate "2009.12.27"]

1. d4 c5 2. c3 Nf6 3. Bf4 e6 4. e3 cxd4 5. exd4 d5 6. Nf3 Nc6 7. Bd3 Bd6 8. Bg3
Qc7 9. Nbd2 Bd7 10. Bxd6 Qxd6 11. O-O O-O 12. Re1 Ne7 13. Ne5 Ng6 14. Ndf3 Nf4
15. Nxd7 Nxd7 16. Bc2 Ng6 17. Qd3 Nf6 18. Ne5 Nf4 19. Qg3 Ng6 20. Nxg6 1-0

[Event "XX Festival B"]
[Site "Robecchetto con Induno ITA"]
[Date "2009.12.28"]
[Round "2"]
[White "Tamassia, Gabriele"]
[Black "Folcini, Gaddo"]
[Result "0-1"]
[WhiteElo "1773"]
[BlackElo "1513"]
[PlyCount "79"]
[EventDate "2009.12.27"]

1. Nf3 e5 2. d3 Nc6 3. e4 d5 4. exd5 Qxd5 5. Nc3 Bb4 6. Bd2 Bxc3 7. Bxc3 Bg4 8.
Be2 Nf6 9. h3 Bh5 10. O-O O-O-O 11. Nd2 Bxe2 12. Qxe2 Rhe8 13. Ne4 Kb8 14. f3
Nh5 15. Qf2 Re6 16. Qc5 Qd7 17. Bd2 Rg6 18. Kh2 f5 19. Nc3 f4 20. Ne4 Ng3 21.
Rf2 Nxe4 22. fxe4 b6 23. Qc3 Qe7 24. Be1 Qg5 25. Qd2 Nd4 26. c3 Qg3+ 27. Kh1
Ne6 28. Rf3 Qg5 29. Qf2 Nc5 30. Qc2 Nxd3 31. Bh4 Qxh4 32. Rxd3 Rxd3 33. Qxd3
Rg3 34. Qd7 f3 35. Qf5 fxg2+ 36. Kg1 Rxh3 37. Qxe5 Rh1+ 38. Kxg2 Qh3+ 39. Kf2
Rh2+ 40. Ke1 0-1

[Event "XX Festival B"]
[Site "Robecchetto con Induno ITA"]
[Date "2009.12.28"]
[Round "2"]
[White "Testa, Loris"]
[Black "Nastasi, Ivano"]
[Result "1-0"]
[WhiteElo "1841"]
[BlackElo "1722"]
[PlyCount "62"]
[EventDate "2009.12.27"]

1. e4 e5 2. Nf3 Nf6 3. Nc3 Nc6 4. d4 exd4 5. Nxd4 Bb4 6. Nxc6 Bxc3+ 7. bxc3
bxc6 8. Bd3 d5 9. exd5 Qxd5 10. O-O O-O 11. c4 Qd6 12. a4 c5 13. Bb2 Ng4 14. g3
Qc6 15. Re1 f5 16. Qe2 Bd7 17. Qe7 Nf6 18. Ba3 Rfe8 19. Qxc5 Rxe1+ 20. Rxe1
Qxa4 21. Bb2 Re8 22. Ra1 Qc6 23. Qxc6 Bxc6 24. Bxf5 Ne4 25. Bd4 Nd2 26. Bg4 g6
27. Be3 Nxc4 28. Rxa7 Nxe3 29. fxe3 Rxe3 30. Rxc7 Re1+ 31. Kf2 Rc1 1-0

[Event "XX Festival B"]
[Site "Robecchetto con Induno ITA"]
[Date "2009.12.28"]
[Round "2"]
[White "Vuckovic, Dimitrije"]
[Black "Conta, Diego"]
[Result "0-1"]
[WhiteElo "1545"]
[BlackElo "1749"]
[PlyCount "90"]
[EventDate "2009.12.27"]

1. Nf3 Nf6 2. c4 e6 3. d4 d5 4. g3 dxc4 5. Nc3 c6 6. Bg2 Be7 7. O-O O-O 8. e4
b5 9. e5 Nd5 10. Nxd5 exd5 11. a4 b4 12. Bd2 a5 13. h4 h6 14. Qc2 Be6 15. Ne1
Qc8 16. f4 Bf5 17. Qd1 Qe6 18. Nc2 Qg6 19. Be1 Bxc2 20. h5 Bxd1 21. hxg6 Be2
22. Rf2 Bd3 23. gxf7+ Rxf7 24. Bh3 Rf8 25. Be6+ Kh7 26. g4 Bh4 27. Rf3 Be4 28.
Rf1 Bxe1 29. Raxe1 Ra7 30. Re3 Re7 31. f5 Na6 32. f6 Rxe6 33. g5 hxg5 34. Rh3+
Kg6 35. fxg7 Rxf1+ 36. Kxf1 Kxg7 37. Rh5 Rg6 38. e6 Nc7 39. e7 Kf7 40. Rh7+ Rg7
41. Rh6 Bg6 42. Rh3 Kxe7 43. Rg3 Be4 44. Ke2 g4 45. Ke3 Bf3 0-1

[Event "XX Festival B"]
[Site "Robecchetto con Induno ITA"]
[Date "2009.12.28"]
[Round "3"]
[White "Alberio, Silvio"]
[Black "Autino, Massimiliano"]
[Result "1-0"]
[WhiteElo "1723"]
[BlackElo "1823"]
[PlyCount "69"]
[EventDate "2009.12.27"]

1. d4 e6 2. c4 f5 3. g3 Nf6 4. Bg2 Be7 5. Nh3 O-O 6. O-O d6 7. Nd2 Nc6 8. Nf3
Ne4 9. Nf4 g5 10. Nxe6 Bxe6 11. d5 Bd7 12. dxc6 Bxc6 13. Nd4 Qd7 14. e3 Bf6 15.
f3 Nc5 16. b4 Ba4 17. Qd2 Ne6 18. Bb2 Nxd4 19. Bxd4 Rae8 20. a3 Qe6 21. f4 Bxd4
22. exd4 Qxc4 23. Rfe1 Bc6 24. d5 Bb5 25. Bf1 Rxe1 26. Rxe1 Qb3 27. Bxb5 gxf4
28. Qxf4 Qxa3 29. Qg5+ Kh8 30. Qh6 Kg8 31. Re7 Qa1+ 32. Bf1 Qd4+ 33. Kg2 Qxd5+
34. Kh3 Qd4 35. Qxh7# 1-0

[Event "XX Festival B"]
[Site "Robecchetto con Induno ITA"]
[Date "2009.12.28"]
[Round "3"]
[White "Astanovskaya, Yulia"]
[Black "Pennati, Roberto"]
[Result "1-0"]
[WhiteElo "1951"]
[BlackElo "1697"]
[PlyCount "81"]
[EventDate "2009.12.27"]

1. e4 d6 2. d4 g6 3. Nf3 Bg7 4. c3 Nf6 5. Bd3 Nbd7 6. O-O O-O 7. h3 e5 8. Bg5
Re8 9. Qd2 c6 10. Re1 Qc7 11. a4 c5 12. Na3 a6 13. Nc2 b6 14. Ne3 Bb7 15. d5
Rac8 16. Qe2 Ra8 17. Nd2 Nh5 18. Ng4 Nf4 19. Qf3 f6 20. Bxf4 exf4 21. Qxf4 Rf8
22. Nh6+ Kh8 23. Qh4 Ne5 24. Bc2 Qe7 25. f4 Nf7 26. Nxf7+ Qxf7 27. Nc4 Qc7 28.
e5 b5 29. Bxg6 h6 30. exd6 Qd8 31. axb5 axb5 32. Rxa8 Bxa8 33. Ne3 Qxd6 34. Be4
Re8 35. Nf5 Qd7 36. Nxh6 Bxh6 37. Qxh6+ Kg8 38. Re3 Re7 39. Rg3+ Rg7 40. Qh7+
Kf8 41. Qh8+ 1-0

[Event "XX Festival B"]
[Site "Robecchetto con Induno ITA"]
[Date "2009.12.28"]
[Round "3"]
[White "Bencivenga, Antonio"]
[Black "Macchiettini, Pierangelo"]
[Result "1/2-1/2"]
[WhiteElo "1353"]
[BlackElo "1682"]
[PlyCount "83"]
[EventDate "2009.12.27"]

1. g3 c5 2. Bg2 Nf6 3. Nf3 d6 4. d3 g6 5. b3 Bg7 6. Bb2 O-O 7. O-O Qc7 8. Nbd2
Nc6 9. e4 Bg4 10. Qe1 Qc8 11. Rb1 Nb4 12. a3 Nc6 13. e5 Nh5 14. exd6 exd6 15.
Bxg7 Nxg7 16. Qc1 d5 17. Re1 Qd7 18. Qb2 Rfe8 19. Ne5 Nxe5 20. Rxe5 Be6 21. d4
Rac8 22. a4 cxd4 23. Bf1 Qc7 24. Nf3 Qxc2 25. Qxc2 Rxc2 26. Nxd4 Rc5 27. b4
Rcc8 28. Nb5 Red8 29. Bg2 a6 30. Nd4 Rc4 31. Ne2 Rdc8 32. Bxd5 Bxd5 33. Rxd5
Ne6 34. f4 Rc2 35. Nd4 Nxd4 36. Rxd4 R8c7 37. Rbd1 Ra2 38. a5 Rb2 39. R1d2 Rc1+
40. Kg2 Rbb1 41. Kh3 Rc3 42. Rd1 1/2-1/2

[Event "XX Festival B"]
[Site "Robecchetto con Induno ITA"]
[Date "2009.12.28"]
[Round "3"]
[White "Bongiorni, Gabriele"]
[Black "Rigotti, Gianluigi"]
[Result "0-1"]
[WhiteElo "1804"]
[BlackElo "1608"]
[PlyCount "68"]
[EventDate "2009.12.27"]

1. d4 Nf6 2. c4 e6 3. Nc3 d5 4. Bg5 Bb4 5. Nf3 O-O 6. e3 c6 7. Rc1 Nbd7 8. Bd3
dxc4 9. Bxc4 h6 10. Bh4 g5 11. Bg3 Ne4 12. a3 Nxc3 13. Qb3 Na2+ 14. axb4 Nxc1
15. Qc3 b5 16. Bf1 Na2 17. Qb3 Qe7 18. Qxa2 Qxb4+ 19. Nd2 Nb6 20. b3 Nd5 21. h4
g4 22. h5 Qc3 23. Rh4 f5 24. e4 Qc1+ 25. Ke2 Nc3+ 26. Kd3 Nxa2 27. exf5 exf5
28. f3 Qc3+ 29. Ke2 Qxd4 30. fxg4 Re8+ 31. Kd1 Nc3+ 32. Kc2 fxg4 33. Bd3 Nd5
34. Nf3 Nb4+ 0-1

[Event "XX Festival B"]
[Site "Robecchetto con Induno ITA"]
[Date "2009.12.28"]
[Round "3"]
[White "Brioschi, Camillo"]
[Black "Foroni, Francesco"]
[Result "1/2-1/2"]
[WhiteElo "1823"]
[BlackElo "1911"]
[PlyCount "27"]
[EventDate "2009.12.27"]

1. d4 Nf6 2. c4 e5 3. dxe5 Ng4 4. Nf3 Bc5 5. e3 Nc6 6. Be2 O-O 7. Nc3 Re8 8.
Bd2 Ngxe5 9. Nxe5 Nxe5 10. Ne4 Bf8 11. Qc2 d5 12. cxd5 Qxd5 13. Ng5 Ng6 14. Nf3
1/2-1/2

[Event "XX Festival B"]
[Site "Robecchetto con Induno ITA"]
[Date "2009.12.28"]
[Round "3"]
[White "Cervini, Gian Piero"]
[Black "Petrone, Gianmario"]
[Result "1-0"]
[WhiteElo "1765"]
[BlackElo "1736"]
[PlyCount "53"]
[EventDate "2009.12.27"]

1. e4 c5 2. c3 d5 3. exd5 Qxd5 4. Nf3 Nc6 5. d4 Bg4 6. Be2 cxd4 7. cxd4 e6 8.
O-O Nf6 9. Nc3 Qd7 10. Be3 Rd8 11. Ne5 Bxe2 12. Qxe2 Qc8 13. Rfd1 a6 14. Rac1
Bd6 15. Bg5 Bxe5 16. dxe5 Rxd1+ 17. Rxd1 Nd7 18. f4 f5 19. exf6 Nxf6 20. Rd6
Kf7 21. Qc4 h6 22. Bxf6 gxf6 23. f5 Re8 24. Ne4 Na7 25. fxe6+ Rxe6 26. Nc5 b5
27. Qxe6+ 1-0

[Event "XX Festival B"]
[Site "Robecchetto con Induno ITA"]
[Date "2009.12.28"]
[Round "3"]
[White "Conta, Diego"]
[Black "Puricelli, Giancarlo"]
[Result "1-0"]
[WhiteElo "1749"]
[BlackElo "1631"]
[PlyCount "85"]
[EventDate "2009.12.27"]

1. d4 Nf6 2. c4 g6 3. Nc3 Bg7 4. Nf3 O-O 5. e4 d6 6. Be2 Nbd7 7. O-O c6 8. Be3
Ng4 9. Bc1 e5 10. d5 c5 11. h3 Ngf6 12. Be3 a6 13. a3 Nh5 14. Qd2 f5 15. exf5
Rxf5 16. g4 Ndf6 17. gxf5 Bxf5 18. Ng5 Bxh3 19. Nxh3 Qe7 20. Bxh5 Nxh5 21. Bg5
Qf7 22. Ne4 Qf5 23. Qe3 Rf8 24. Bh4 Qg4+ 25. Ng3 Qxh3 26. Nxh5 Qxh4 27. Nxg7
Kxg7 28. Qg3 Qxc4 29. Rad1 Rf5 30. f4 h6 31. Qd3 Qa4 32. Rd2 Qe8 33. fxe5 Rxe5
34. Rg2 g5 35. Qf3 Qe7 36. Rgf2 b5 37. Qf7+ Qxf7 38. Rxf7+ Kg6 39. R7f6+ Kh5
40. Rxd6 Re2 41. Rf2 Re1+ 42. Kg2 g4 43. Rf5+ 1-0

[Event "XX Festival B"]
[Site "Robecchetto con Induno ITA"]
[Date "2009.12.28"]
[Round "3"]
[White "Di Chiara, Mauro"]
[Black "Revinelli, Sergio"]
[Result "1/2-1/2"]
[WhiteElo "1864"]
[BlackElo "1850"]
[PlyCount "103"]
[EventDate "2009.12.27"]

1. d4 d5 2. Nf3 Nf6 3. c4 c6 4. Nc3 e6 5. cxd5 exd5 6. Bg5 Bf5 7. e3 Nbd7 8.
Be2 Bd6 9. O-O O-O 10. Nh4 Bg6 11. Nxg6 hxg6 12. Rc1 Qb6 13. Qc2 Rac8 14. a3 a5
15. Qb1 Rfe8 16. Bxf6 Nxf6 17. Bf3 Qa7 18. Na4 Nd7 19. Qd3 b5 20. Nc3 Nf6 21.
Ne2 Ne4 22. Ng3 f5 23. Bxe4 dxe4 24. Qb3+ Qf7 25. Qxf7+ Kxf7 26. Rc2 Bxg3 27.
hxg3 Ke7 28. Rfc1 Kd6 29. Rc5 Kd7 30. d5 cxd5 31. Rxd5+ Ke6 32. Rcd1 Rc1 33.
Rxc1 Kxd5 34. Rc7 Re6 35. Kf1 Rc6 36. Rxc6 Kxc6 37. Ke2 Kc5 38. Kd2 Kc4 39. Kc2
a4 40. Kd2 g5 41. Kc2 g4 42. Kd2 Kb3 43. Kc1 b4 44. axb4 Kxb4 45. Kd2 Kb3 46.
Kc1 g6 47. Kb1 a3 48. bxa3 Kxa3 49. Kc2 Kb4 50. Kb2 g5 51. Kc2 Kc4 52. Kd2
1/2-1/2

[Event "XX Festival B"]
[Site "Robecchetto con Induno ITA"]
[Date "2009.12.28"]
[Round "3"]
[White "Folcini, Gaddo"]
[Black "Rossi, Giampiero"]
[Result "0-1"]
[WhiteElo "1513"]
[BlackElo "1936"]
[PlyCount "74"]
[EventDate "2009.12.27"]

1. d4 d5 2. Nf3 c6 3. Nc3 Bf5 4. Nh4 e6 5. Nxf5 exf5 6. Qd3 g6 7. h4 Nf6 8. Bg5
Bg7 9. Qe3+ Qe7 10. Qxe7+ Kxe7 11. O-O-O h6 12. Bxf6+ Bxf6 13. f3 f4 14. e4
fxe3 15. Rd3 Re8 16. Rxe3+ Kf8 17. Rxe8+ Kxe8 18. h5 Bxd4 19. hxg6 fxg6 20. Bd3
Kf7 21. Ne2 Be3+ 22. Kb1 Nd7 23. f4 Kg7 24. Rh3 Bb6 25. Rg3 Nf8 26. f5 Bc7 27.
Nf4 Bxf4 28. f6+ Kxf6 29. Rf3 g5 30. g3 Re8 31. Rf1 Ne6 32. gxf4 Nxf4 33. c4
Re3 34. Kc2 Rxd3 35. Rxf4+ gxf4 36. Kxd3 dxc4+ 37. Ke4 Kg5 0-1

[Event "XX Festival B"]
[Site "Robecchetto con Induno ITA"]
[Date "2009.12.28"]
[Round "3"]
[White "Fortunato, Lorenzo"]
[Black "Crepaldi, Marco"]
[Result "1/2-1/2"]
[WhiteElo "1841"]
[BlackElo "1871"]
[PlyCount "52"]
[EventDate "2009.12.27"]

1. e4 c5 2. Nc3 Nc6 3. g3 d6 4. Bg2 Nf6 5. d3 e6 6. h3 a6 7. Be3 Qc7 8. f4 Rb8
9. Qd2 b5 10. Nf3 Bb7 11. g4 d5 12. g5 d4 13. gxf6 dxe3 14. Qxe3 gxf6 15. O-O-O
Bd6 16. Ne2 a5 17. Kb1 b4 18. d4 cxd4 19. Nfxd4 Nxd4 20. Qxd4 Be7 21. Qe3 Rg8
22. Bf3 Bc5 23. Qd3 Ke7 24. Rhf1 a4 25. Qc4 Qb6 26. e5 Ba6 1/2-1/2

[Event "XX Festival B"]
[Site "Robecchetto con Induno ITA"]
[Date "2009.12.28"]
[Round "3"]
[White "Giunto, Andrea"]
[Black "Testa, Loris"]
[Result "1-0"]
[WhiteElo "1934"]
[BlackElo "1841"]
[PlyCount "63"]
[EventDate "2009.12.27"]

1. e4 e5 2. Nf3 Nc6 3. d4 exd4 4. Nxd4 Nf6 5. Nxc6 bxc6 6. e5 Nd5 7. c4 Nb6 8.
b3 Be7 9. Be2 d6 10. Bb2 d5 11. Bf3 Bb7 12. cxd5 cxd5 13. O-O O-O 14. Nd2 Rb8
15. Rc1 c5 16. Ba3 Nd7 17. Re1 Qa5 18. Nb1 d4 19. Bxb7 Rxb7 20. e6 Nf6 21.
exf7+ Rxf7 22. Qd2 Qc7 23. h3 a5 24. Bb2 Nd5 25. Bxd4 Nf4 26. Be5 Nxh3+ 27.
gxh3 Qc8 28. Qd5 Qf5 29. Qxb7 Qxf2+ 30. Kh1 Rf3 31. Qc8+ Bf8 32. Qg4 1-0

[Event "XX Festival B"]
[Site "Robecchetto con Induno ITA"]
[Date "2009.12.28"]
[Round "3"]
[White "Marchesotti, Giovanni"]
[Black "Rossini, Luca"]
[Result "1-0"]
[WhiteElo "1617"]
[BlackElo "1751"]
[PlyCount "85"]
[EventDate "2009.12.27"]

1. Nf3 c5 2. e4 d6 3. Bb5+ Bd7 4. Bxd7+ Nxd7 5. O-O Ngf6 6. Nc3 g6 7. d4 cxd4
8. Nxd4 Bg7 9. Be3 O-O 10. f3 Ne5 11. b3 a6 12. a4 Qc7 13. Qd2 Rfc8 14. Nd5
Nxd5 15. exd5 Nd7 16. Rac1 Qc3 17. Ne2 Qxd2 18. Bxd2 Bc3 19. Bxc3 Rc5 20. Rfd1
Rac8 21. Rd3 Ne5 22. Bxe5 dxe5 23. c4 b5 24. axb5 axb5 25. d6 exd6 26. Rxd6
bxc4 27. Rxc4 Rxc4 28. bxc4 Rxc4 29. Rd5 e4 30. Rd4 Rxd4 31. Nxd4 exf3 32. Nxf3
f6 33. Kf2 Kf7 34. Ke3 Ke7 35. Kf4 h6 36. Ke4 Kd6 37. Nh4 f5+ 38. Nxf5+ gxf5+
39. Kxf5 Kd5 40. g4 Kd6 41. Kg6 Ke7 42. Kxh6 Kf8 43. Kh7 1-0

[Event "XX Festival B"]
[Site "Robecchetto con Induno ITA"]
[Date "2009.12.28"]
[Round "3"]
[White "Merlotti, Marco"]
[Black "Clerici, Samuele"]
[Result "1-0"]
[WhiteElo "1661"]
[BlackElo "1776"]
[PlyCount "25"]
[EventDate "2009.12.27"]

1. d4 d5 2. c4 c6 3. Nc3 Nf6 4. e3 Bf5 5. cxd5 cxd5 6. Qb3 b6 7. Bb5+ Bd7 8.
Nxd5 e6 9. Nxf6+ Qxf6 10. Nf3 Nc6 11. Bd2 Bd6 12. Rc1 Rc8 13. Qa4 1-0

[Event "XX Festival B"]
[Site "Robecchetto con Induno ITA"]
[Date "2009.12.28"]
[Round "3"]
[White "Moroni, Luca jr"]
[Black "Tamassia, Gabriele"]
[Result "1-0"]
[WhiteElo "1572"]
[BlackElo "1773"]
[PlyCount "109"]
[EventDate "2009.12.27"]

1. e4 e6 2. d4 d5 3. exd5 exd5 4. Bd3 Bd6 5. Nf3 Ne7 6. O-O Bg4 7. h3 Bh5 8.
Re1 O-O 9. Bxh7+ Kh8 10. Bd3 c6 11. Nbd2 Qc7 12. c3 Na6 13. Qc2 Bg6 14. Bxg6
Nxg6 15. c4 Rfe8 16. Rxe8+ Rxe8 17. cxd5 cxd5 18. Qxc7 Bxc7 19. Nb3 Re2 20. Bd2
f6 21. Kf1 Re7 22. Re1 Rxe1+ 23. Kxe1 Nf4 24. Bxf4 Bxf4 25. g3 Bd6 26. a3 b6
27. Nh4 Nc7 28. Nf5 Bf8 29. Ke2 g6 30. Ne3 Kg7 31. Nc1 Kf7 32. Nd3 g5 33. f4
Ke6 34. h4 Bh6 35. f5+ Kd6 36. Ng4 Bg7 37. hxg5 fxg5 38. f6 Bf8 39. Nde5 Ne6
40. Kd3 a5 41. Ng6 b5 42. N4e5 Kc7 43. Nxf8 Nxf8 44. Nf3 Ne6 45. f7 Kd7 46.
Nxg5 Nf8 47. Ke3 Ke7 48. Kf3 Kf6 49. Nh3 Ne6 50. f8=Q+ Nxf8 51. Nf4 Nd7 52.
Nxd5+ Kg5 53. Nc3 b4 54. axb4 axb4 55. Na2 1-0

[Event "XX Festival B"]
[Site "Robecchetto con Induno ITA"]
[Date "2009.12.28"]
[Round "3"]
[White "Motola, Jacopo"]
[Black "Santarelli, Sabatino"]
[Result "0-1"]
[WhiteElo "1455"]
[BlackElo "1658"]
[PlyCount "136"]
[EventDate "2009.12.27"]

1. e4 c5 2. Nf3 Nc6 3. d4 cxd4 4. Nxd4 d6 5. Nc3 Nf6 6. Be2 g6 7. Be3 Bd7 8.
Qd2 Bg7 9. f3 O-O 10. O-O-O a6 11. Nxc6 Bxc6 12. Bh6 Rc8 13. Bxg7 Kxg7 14. Nd5
Nxd5 15. exd5 Bd7 16. h4 Bf5 17. Bd3 Bxd3 18. Qxd3 Qa5 19. a3 Qc5 20. Qd4+ Kg8
21. Qxc5 Rxc5 22. Rhe1 Re8 23. c3 Kf8 24. Rd3 b5 25. b4 Rc7 26. Kb2 Rec8 27.
Rde3 Ra8 28. Re4 a5 29. bxa5 Rxa5 30. Rb4 Rc5 31. Rd1 Ke8 32. Rbd4 Ra7 33. R1d3
Rac7 34. Kb3 Rc4 35. Kb2 Rxd4 36. Rxd4 Kd7 37. Kb3 Rc5 38. Rd3 e5 39. g3 f5 40.
Kc2 Kc7 41. f4 e4 42. Rd4 Kb6 43. Kb3 Ka5 44. Rd2 Rc4 45. Re2 h5 46. Rd2 e3 47.
Re2 Re4 48. Kb2 Kb6 49. Kc2 Kc5 50. Kd3 Kxd5 51. Rxe3 Rxe3+ 52. Kxe3 Kc4 53.
Kd2 Kb3 54. Kd3 Kxa3 55. Kd4 Kb3 56. Kd3 d5 57. Kd4 Kc2 58. Kxd5 Kxc3 59. Ke6
b4 60. Kf6 b3 61. Kxg6 b2 62. Kxh5 b1=Q 63. Kg5 Kd4 64. h5 Ke4 65. h6 Qb8 66.
h7 Qh8 67. Kg6 Kf3 68. Kxf5 Qxh7+ 0-1

[Event "XX Festival B"]
[Site "Robecchetto con Induno ITA"]
[Date "2009.12.28"]
[Round "3"]
[White "Nastasi, Ivano"]
[Black "Spornberger, Andre"]
[Result "1-0"]
[WhiteElo "1722"]
[BlackElo "1777"]
[PlyCount "95"]
[EventDate "2009.12.27"]

1. d4 g6 2. c4 Bg7 3. Nf3 Nf6 4. e4 d6 5. Nc3 O-O 6. Be2 e5 7. Bg5 h6 8. Bh4
Nc6 9. dxe5 dxe5 10. Qxd8 Rxd8 11. Bxf6 Bxf6 12. Nd5 Bg7 13. Nxc7 Rb8 14. Nd5
Be6 15. O-O f5 16. Bd3 Bxd5 17. cxd5 Nb4 18. Bb1 Nxd5 19. exf5 g5 20. Be4 Nf4
21. g3 Ne2+ 22. Kg2 Nd4 23. Rad1 b6 24. Nxd4 exd4 25. Bd3 b5 26. b3 a6 27. Rfe1
Rd6 28. Rc1 Rbd8 29. Re2 Bf6 30. Rec2 R8d7 31. Rc6 Kf7 32. Kf1 Be5 33. R1c5
Rxc6 34. Rxc6 Rd6 35. Rc2 Rd7 36. Kg2 Rc7 37. Rxc7+ Bxc7 38. Kf3 Kf6 39. Ke4
Bd8 40. h3 Be7 41. g4 Bd6 42. Kxd4 Be7 43. Kd5 Ba3 44. f3 b4 45. Bxa6 Bb2 46.
Bc4 Ba3 47. Ke4 Bc1 48. a4 1-0

[Event "XX Festival B"]
[Site "Robecchetto con Induno ITA"]
[Date "2009.12.28"]
[Round "3"]
[White "Oteri, Aldo"]
[Black "Vuckovic, Dimitrije"]
[Result "1-0"]
[WhiteElo "1826"]
[BlackElo "1545"]
[PlyCount "111"]
[EventDate "2009.12.27"]

1. e4 c5 2. Nf3 d6 3. d4 cxd4 4. Nxd4 Nf6 5. Nc3 g6 6. Be3 Bg7 7. f3 O-O 8. Qd2
Nc6 9. O-O-O a6 10. h4 h5 11. Be2 Ne5 12. Bh6 Bd7 13. Nd5 e6 14. Nxf6+ Bxf6 15.
Bxf8 Kxf8 16. g4 hxg4 17. fxg4 Rc8 18. g5 Bg7 19. Nb3 Bc6 20. Qb4 Kg8 21. Rxd6
Qc7 22. Rd4 Bxe4 23. Rd8+ Rxd8 24. Qxe4 b5 25. h5 Qc6 26. Qxc6 Nxc6 27. hxg6
fxg6 28. Nc5 Nd4 29. Bd3 a5 30. Bxg6 Ne2+ 31. Kb1 Rd6 32. Ne4 Rd5 33. Nf6+ Bxf6
34. gxf6 Ng3 35. Re1 e5 36. c4 bxc4 37. Rg1 Ne2 38. Be4+ Nxg1 39. Bxd5+ Kf8 40.
Bxc4 e4 41. Kc2 Nf3 42. Bd5 Ng5 43. Kd2 Nh7 44. f7 Ng5 45. Ke3 Ke7 46. b3 Nxf7
47. Bxf7 Kxf7 48. Kxe4 Ke7 49. Kd5 Kd7 50. Kc5 a4 51. Kb6 a3 52. b4 Kc8 53. b5
Kb8 54. Kc6 Kc8 55. b6 Kb8 56. b7 1-0

[Event "XX Festival B"]
[Site "Robecchetto con Induno ITA"]
[Date "2009.12.28"]
[Round "3"]
[White "Pandini, Giuseppe"]
[Black "Madaschi, Sergio"]
[Result "1-0"]
[WhiteElo "1702"]
[BlackElo "1587"]
[PlyCount "33"]
[EventDate "2009.12.27"]

1. f4 Nf6 2. Nf3 d5 3. e3 e6 4. b3 g6 5. Bb2 Bg7 6. c4 O-O 7. Qc2 b6 8. Be2 Bb7
9. O-O Nbd7 10. Nc3 c6 11. Nd1 Rc8 12. Nf2 Qe7 13. h4 Nh5 14. Bxg7 Nxg7 15. Ng4
Nf5 16. Qb2 Ng3 17. Nh6# 1-0

[Event "XX Festival B"]
[Site "Robecchetto con Induno ITA"]
[Date "2009.12.28"]
[Round "3"]
[White "Ronconi, Fausto"]
[Black "Costantino, Gian Franco"]
[Result "1/2-1/2"]
[WhiteElo "1778"]
[BlackElo "1572"]
[PlyCount "77"]
[EventDate "2009.12.27"]

1. d4 Nf6 2. c4 g6 3. Nf3 Bg7 4. Nc3 d6 5. e4 O-O 6. Be2 e5 7. dxe5 dxe5 8. Bg5
Qxd1+ 9. Rxd1 c6 10. Nxe5 Nxe4 11. Nxe4 Bxe5 12. Be7 Re8 13. Nf6+ Bxf6 14. Bxf6
Nd7 15. Bc3 Nc5 16. O-O Bf5 17. Rfe1 Re4 18. b4 Na4 19. Ba1 Rae8 20. Kf1 h5 21.
Bf3 Rxe1+ 22. Rxe1 Bd3+ 23. Be2 Rxe2 24. Rxe2 Bxc4 25. Ke1 Bxe2 26. Kxe2 f5 27.
Bd4 a6 28. Ke3 Kf7 29. Kf4 b6 30. Ke5 c5 31. bxc5 bxc5 32. Ba1 Ke7 33. Kd5 Kd7
34. Bg7 Kc7 35. a3 Kb6 36. Kc4 Kc6 37. f3 Nb6+ 38. Kd3 Kb5 39. Bf8 1/2-1/2

[Event "XX Festival B"]
[Site "Robecchetto con Induno ITA"]
[Date "2009.12.28"]
[Round "3"]
[White "Sala, Gianni"]
[Black "Collaro, Paolo"]
[Result "1-0"]
[WhiteElo "1874"]
[BlackElo "1643"]
[PlyCount "33"]
[EventDate "2009.12.27"]

1. e4 e5 2. Nf3 Nf6 3. Nxe5 d6 4. Nf3 Nxe4 5. d4 d5 6. Bd3 Nc6 7. Nbd2 Nxd2 8.
Bxd2 Bg4 9. Be3 Qf6 10. Be2 Bd6 11. h3 Bf5 12. c3 O-O-O 13. Bg5 Qg6 14. Bxd8
Rxd8 15. Nh4 Qf6 16. Nxf5 Qxf5 17. Bg4 1-0

[Event "XX Festival B"]
[Site "Robecchetto con Induno ITA"]
[Date "2009.12.28"]
[Round "3"]
[White "Salerno, Christian"]
[Black "Torretta, Gilberto"]
[Result "0-1"]
[WhiteElo "2153"]
[BlackElo "1683"]
[PlyCount "90"]
[EventDate "2009.12.27"]

1. d4 Nf6 2. Nf3 g6 3. Nbd2 Bg7 4. e4 d6 5. Bd3 O-O 6. O-O c6 7. c3 b5 8. a4
Bd7 9. Re1 Qc7 10. Qe2 bxa4 11. Rxa4 c5 12. Ra3 d5 13. Ne5 c4 14. Bc2 e6 15.
Ndf3 a5 16. Nxd7 Nfxd7 17. e5 Nc6 18. h4 f6 19. exf6 Nxf6 20. Qxe6+ Kh8 21. Qe2
Ng4 22. Qe6 Nf6 23. Qe2 Rae8 24. Ne5 Nh5 25. Bxg6 hxg6 26. Nxg6+ Kg8 27. Qxe8
Rxe8 28. Rxe8+ Kf7 29. Re3 Kxg6 30. g4 Nf6 31. h5+ Kh7 32. Rg3 Ne4 33. Rf3 Bh6
34. Bxh6 Kxh6 35. b4 axb4 36. Ra8 bxc3 37. Rh8+ Qh7 38. g5+ Nxg5 39. Rf6+ Kg7
40. Rhf8 Qb1+ 41. Kh2 Qh7 42. f4 Qxh5+ 43. Kg1 Qg4+ 44. Kh1 Qh3+ 45. Kg1 Nf3+
0-1

[Event "XX Festival B"]
[Site "Robecchetto con Induno ITA"]
[Date "2009.12.28"]
[Round "3"]
[White "Spornberger, Peter"]
[Black "Cocconcelli, Lorenzo"]
[Result "0-1"]
[WhiteElo "1604"]
[BlackElo "1413"]
[PlyCount "77"]
[EventDate "2009.12.27"]

1. e4 e6 2. d4 d5 3. exd5 exd5 4. Bd3 Nf6 5. h3 h6 6. Nf3 c5 7. c3 Nc6 8. O-O
Be7 9. dxc5 Bxc5 10. Re1+ Be7 11. Bf4 O-O 12. Nbd2 Qb6 13. b4 Be6 14. b5 Nb8
15. a4 Bc5 16. Re2 d4 17. a5 Qd8 18. c4 Bd6 19. Bxd6 Qxd6 20. Nb3 Nbd7 21.
Nfxd4 Rfe8 22. Nxe6 Rxe6 23. Rxe6 Qxe6 24. Qe1 Ne5 25. Bf1 Re8 26. Qc3 Ne4 27.
Qc2 Qg6 28. Nd4 Rd8 29. Rd1 Rxd4 30. Bd3 Nxd3 31. Rxd3 Rxd3 32. Qxd3 Qe6 33. f3
Nc5 34. Qd8+ Kh7 35. Qc7 Qxc4 36. b6 a6 37. Qe5 Nb3 38. Qf5+ g6 39. Qe5 0-1

[Event "XX Festival B"]
[Site "Robecchetto con Induno ITA"]
[Date "2009.12.28"]
[Round "3"]
[White "Tortolini, Francesco"]
[Black "Santelli, Francesco"]
[Result "1-0"]
[WhiteElo "1905"]
[BlackElo "1824"]
[PlyCount "67"]
[EventDate "2009.12.27"]

1. e4 c5 2. Nf3 Nc6 3. d4 cxd4 4. Nxd4 e5 5. Nb5 d6 6. N1c3 a6 7. Na3 Nf6 8.
Bg5 Be7 9. Bxf6 Bxf6 10. Nc4 Nd4 11. Nd5 b5 12. Ncb6 Rb8 13. c3 Rxb6 14. Nxb6
Qxb6 15. cxd4 exd4 16. Bd3 Be6 17. O-O O-O 18. Kh1 Rc8 19. f4 Rc5 20. Qf3 Qc7
21. a4 Qb7 22. axb5 axb5 23. Ra5 Bd8 24. Ra3 b4 25. Ra6 Rc6 26. e5 d5 27. Rxc6
Qxc6 28. f5 Bc8 29. e6 Bf6 30. exf7+ Kxf7 31. Qf4 Qe8 32. Qc7+ Qd7 33. Rc1 Qxc7
34. Rxc7+ 1-0

[Event "XX Festival B"]
[Site "Robecchetto con Induno ITA"]
[Date "2009.12.28"]
[Round "3"]
[White "Tosetto, Flavio"]
[Black "Barazza, Remo"]
[Result "0-1"]
[WhiteElo "1647"]
[BlackElo "1545"]
[PlyCount "49"]
[EventDate "2009.12.27"]

1. e4 c6 2. f4 d5 3. e5 e6 4. Nf3 d4 5. Be2 c5 6. O-O Ne7 7. d3 Nbc6 8. Nbd2
Nd5 9. Ne4 b6 10. a3 Bb7 11. c3 dxc3 12. bxc3 Be7 13. Nfg5 Nxc3 14. Nxc3 Qd4+
15. Kh1 Qxc3 16. Be3 Bxg5 17. fxg5 Nxe5 18. Bf4 Rd8 19. Rc1 Qd4 20. Bxe5 Qxe5
21. Qa4+ Rd7 22. Rce1 Qxg5 23. Bg4 b5 24. Rf5 Qd2 25. Qd1 0-1